000 00557nam a2200193 i 4500
001 82456
003 ES-MaACL
005 20230906174657.0
007 t|
008 041110s1985 xxk ||||1| eng d
020 _a0-19-874133-2
100 1 _aIlbery, Brian W.
_965170
245 1 0 _aAgricultural geography
_b: a social and economic analysis /
_cBrian W. Ilbery.
260 _aOxford :
_bOxford University Press,
_c1985.
300 _aXVIII, 229 p. ;
_c24 cm.
500 _aIndice.
504 _aBibliografía.
852 _aES-MaACL
_jL-10625
_bR.111582
999 _c82456
_d82456